000
00225nam a22000857a 4500
008
161116b xxu||||| |||| 00| 0 eng d
100
_9
1271
_a
Deb. D
245
_a
The Story of a mango
260
_a
New delhi
_b
National book trust
_c
2004
999
_c
3974
_d
3974